000
00324nam a2200121 a 4500
005
20140412111406.0
008
070706s19uu xx 00 eng d
050
_a
ER
_b
Ju98 1998
100
_a
Mayer, Gina
245
_a
Just my camera and me /
_c
Gina Mayer.
260
_a
New York :
_b
Inchworm press,
_c
1998.
999
_c
105570
_d
105570